[Event "Heusenstamm Sparkassen op-A 5th"]
[Site "Heusenstamm"]
[Date "2018.11.25"]
[Round "6"]
[White "Eichner, Christian"]
[Black "Schmidt, Max"]
[Result "1-0"]
[WhiteElo "2091"]
[BlackElo "1979"]
[PlyCount "59"]
[EventDate "2018.11.22"]
[EventType "swiss"]
[EventRounds "7"]
[EventCountry "GER"]
[SourceTitle "CBM 188 Extra"]
[Source "ChessBase"]
[SourceDate "2019.02.26"]
[SourceVersion "1"]
[SourceVersionDate "2019.02.26"]
[SourceQuality "1"]

1. e4 c5 2. Nf3 g6 3. c3 d5 4. Bb5+ Bd7 5. Bxd7+ Qxd7 6. Ne5 Qd6 7. Qa4+ Nc6 8. Nxc6 bxc6 9. 0-0 e6 10. d3 Bg7 11. Bf4 Qd7 12. Re1 Ne7 13. Be3 d4 14. Bd2 Rb8 15. c4 Rxb2 16. Qa3 Qb7 17. Qxc5 0-0 18. Bg5 f6 19. Bf4 e5 20. Bg3 Rb8 21. f4 Bf8 22. Qd6 exf4 23. Bxf4 Qb4 24. Qe6+ Kh8 25. Rf1 Rb7 26. Bd6 Rxg2+ 27. Kxg2 Qb2+ 28. Rf2 Qxa1 29. Bxe7 Rxe7 30. Qxf6+ 1-0

[Event "Heusenstamm Sparkassen op-A 5th"]
[Site "Heusenstamm"]
[Date "2018.11.24"]
[Round "5"]
[White "Seifert, Norbert"]
[Black "Eichner, Christian"]
[Result "1/2-1/2"]
[WhiteElo "1957"]
[BlackElo "2091"]
[PlyCount "49"]
[EventDate "2018.11.22"]
[EventType "swiss"]
[EventRounds "7"]
[EventCountry "GER"]
[SourceTitle "CBM 188 Extra"]
[Source "ChessBase"]
[SourceDate "2019.02.26"]
[SourceVersion "1"]
[SourceVersionDate "2019.02.26"]
[SourceQuality "1"]

1. e4 e5 2. Nf3 Nc6 3. Bc4 Nf6 4. d4 exd4 5. e5 d5 6. Bb5 Ne4 7. Nxd4 Bd7 8. Bxc6 bxc6 9. 0-0 Bc5 10. Be3 0-0 11. f3 Ng5 12. f4 Ne4 13. Nd2 Nxd2 14. Qxd2 f6 15. Nf3 Bb6 16. Rae1 Bg4 17. exf6 Rxf6 18. Ne5 Bf5 19. Bxb6 axb6 20. a3 Be4 21. Re3 Qe8 22. Qe2 Rd8 23. Rf2 Qf8 24. g3 Qe8 25. Ng4 1/2-1/2